Geboren in Remscheid - Statistiken

Allgemein
  • Dieses Quiz wurde 34 mal gespielt
  • Das Durchschnittsergebnis liegt bei 2 aus 7
Antwortstatistiken
Hinweis Antwort % Korrekt
Physiknobelpreisträger und Entdecker der Röntgenstrahlen 1845 Wilhelm Conrad Röntgen
100%
Moderator von "hart aber fair" 1957 Frank Plasberg
47%
Miterfinder des nahtlosen Stahlrohres und Mitbegründer eines Unternehmens mit seinem Bruder zusammen 1857 Max Mannesmann
23%
Miterfinder des nahtlosen Stahlrohres und Mitbegründer eines Unternehmens mit seinem Bruder zusammen 1856 Reinhard Mannesmann
23%
Schauspielerin, bekannt für ihre Rolle als Silke "Alberich" Haller im Münster-Tatort 1970 Christine Urspruch
13%
Mitgründer von OBI 1918 Emil Lux
7%
Schauspieler, "Werk ohne Autor" "Das schweigende Klassenzimmer" "Der Goldene Handschuh" 1996 Jonas Dassler
3%
Keine übereinstimmenden Quizze gefunden
Verteilung der Resultate
Anzahl Personen mit jedem Resultat
Perzentil nach korrekt beantworteten Fragen
Ihre Resultats-Entwicklung
Sie haben dieses Quiz noch nicht gespielt